00404nam a2200145Ia 4500003000900000008004100009040001600050080001600066100001800082245006800100260003500168300001000203650002200213650002300235IN-BaIIA211028s9999 xx 000 0 eng d cIIA Library a658.31bMUT aMuthuswamy, P 0aFundamental rules and supplementary rulesbpt. 1cP. Muthuswamy aMadrasbSwamy Publishersc1974 a388p. aFundamental Rules aSuplementary Rules